| 000 | 02373nam a2200385 i 4500 | ||
|---|---|---|---|
| 001 | C00062864c | ||
| 005 | 20241029150840.0 | ||
| 008 | 140127s1760 sp spadd | ||
| 110 | 2 |
_aReal Academia de Bellas Artes de San Fernando. _975832 |
|
| 245 | 1 | 0 | _aDistribucion de los premios concedidos por el Rey N. S. A los Discipulos de las tres Nobles Artes hecha Por la Real Academia de S. Fernando En la Junta general de 28 de Agosto de 1760. |
| 260 |
_aEn Madrid : _ben la Oficina de D. Gabriel Ramirez, impresor de la Academia, _c1760. |
||
| 300 |
_a[4], 94 p., 3 h. de lám. ; _c4º (26 cm) |
||
| 500 | _aCCPB000221085-1, REBIUN3126129, BNE. | ||
| 500 | _aSign.: [ ]2, A-L4, M3. | ||
| 500 | _aMarca tip. en port. | ||
| 500 | _aPort.: "Espinosa f."; 3 h. de lám. grab calc.: "G. Gil d. sculp."; il. en p. 1: "Prieto inv." "Cruz sculp."; p. 32: "T. López inv. et sculp."; p. 33: "T. Prieto invto.", "Ming sculp."; p. 44: "Prieto inv.", "López sculp."; p. 45, 59: "Prieto inv.", "Cruz sculp"; p. 68: "Prieto inv.", "López sculp."; p. 69: "Prieto inv.", "Ugarte fc." ; p. 80: "T. López inv. et sculp." ; p. 81: "Cruz inv. et sculp."; p. 94: "Ths. Prieto invto.", "Ju. Fernº. Palomino sculp." | ||
| 500 | _aReclamos. | ||
| 500 | _aNotas a pie de p. | ||
| 500 | _aContenido parcial: Catalogo de los Sres. Academicos de la Real Academia de San Fernando, y orden de sus clases y creaciones. -- P. 81-94. | ||
| 500 | _aEnc. con otras 5 obras: Abertura solemne 1752 y distribución de premios de 1753, 1754, 1757 y 1760. | ||
| 500 | _aEnc. pasta con hierros dorados en lomo y cantos, nervios y cortes veteados. | ||
| 500 | _aObra digitalizada en Internet: Hathi Trust Digital Library (enlace en parte inferior) | ||
| 610 | 2 |
_aReal Academia de Bellas Artes de San Fernando.- _vPremios y recompensas. _978563 |
|
| 700 | 1 |
_aRamírez, Gabriel. _934887 |
|
| 700 | 1 |
_aEspinosa de los Monteros, Antonio ( _d1732-1812) _937602 |
|
| 700 | 1 |
_aGil, Jerónimo Antonio ( _d1732-1798) _933209 |
|
| 700 | 1 |
_aPrieto, Tomás Francisco ( _d1716-1782) _943391 |
|
| 700 | 1 |
_aPalomino, Juan Fernando ( _d?-1793) _943392 |
|
| 700 | 1 |
_aUgarte, Hermenegildo Víctor ( _d1735-d. de 1768) _943393 |
|
| 752 |
_aEspaña - _dMadrid |
||
| 852 | 4 | _zA-254 (6) | |
| 856 | 4 | 0 | _uhttp://babel.hathitrust.org/cgi/pt?id=ucm.5326970105;view=1up;seq=1 |
| 999 |
_c59532 _d59532 |
||